| 000 | 00459nab a2200145Ia 4500 | ||
|---|---|---|---|
| 003 | ES-SlBCS | ||
| 005 | 20210601141907.0 | ||
| 008 | 140529s1983 xxu||||| |||| 00| 0 spa d | ||
| 041 | _aspa | ||
| 100 | 1 |
_aDisertori, Beppino _9262240 |
|
| 245 | 0 | 0 |
_aLas tres fuentes arcaicas de la religión _c Beppino Disertori |
| 650 | 0 | 4 |
_aReligión-Fuentes Arcaicas _9262284 |
| 773 | 0 |
_tFolia Humanistica _gvol. 21, nº. 246-247, 1983, págs. 471-478 _wRev1220 |
|
| 942 | _cAR | ||
| 999 |
_c668108 _d668108 |
||